Geschichte nach Buchstabe - B - Statistiken

Allgemein
  • Dieses Quiz wurde 17.682 mal gespielt
  • Das Durchschnittsergebnis liegt bei 13 aus 24
Antwortstatistiken
Hinweis Antwort % Korrekt
Tauber deutscher Komponist Ludwig van Beethoven
97%
Stadt, die bis 1989 durch eine Mauer geteilt wurde Berlin
95%
Napoleons Nachname Bonaparte
86%
Antike Stadt bekannt für ihre hängenden Gärten Babylon
77%
Diese Stadt hatte eine "Tea Party" im Jahr 1773 Boston
77%
Gefängnis, das während der Französischen Revolution gestürmt wurde Bastille
76%
Nachfolger der niederländischen Siedler in Südafrika Buren
74%
Was vor der Eisenzeit kam {Bronze}zeit
72%
Art von Krieg in Amerika 1861-1865 oder Spanien 1936-1939 Bürgerkrieg
68%
Ihm wird häufig die Erfindung des Telefons gutgeschrieben Alexander Graham Bell
59%
Ludwig II. (der Märchenkönig) war König von ... Bayern
55%
Früherer Name Mumbais Bombay
54%
Auch das Oströmische Reich genannt {Byzantinisches} Reich
53%
Moderne Hauptstadt in der Nähe des obengenannten Ortes Bagdad
49%
Russische Fraktion, die in der Oktoberrevolution Macht gewann Bolschewiki
46%
Spitzname des Piraten Edward Teach Blackbeard
45%
Siddhārtha Gautama Buddha
43%
Stadt, in der die Titanic gebaut wurde Belfast
39%
"Befreier" Süd- und Zentralamerikas Simón Bolívar
27%
Deutsche Luftangriffe auf Großbritannien während des Zweiten Weltkrieges The Blitz
25%
Enthauptete Frau von Heinrich VIII. Anne Boleyn
24%
Schriftstellerfamilie Anne, Emily, und Charlotte Brontë
22%
Abraham Lincoln's Attentäter John Wilkes Booth
17%
Keltische Königin, die eine Revolte gegen die Römer führte Boudicca
10%
Keine übereinstimmenden Quizze gefunden
Verteilung der Resultate
Anzahl Personen mit jedem Resultat
Perzentil nach korrekt beantworteten Fragen
Ihre Resultats-Entwicklung
Sie haben dieses Quiz noch nicht gespielt